[Event "Mazowiec-chT op 0910"]
[Site "Mazowsze"]
[Date "2010.02.21"]
[Round "7.12"]
[White "Gasik, Jadwiga"]
[Black "Makosa, Angelika"]
[Result "1-0"]
[WhiteElo "1975"]
[BlackElo "1732"]
[PlyCount "63"]
[EventDate "2009.11.29"]
[EventType "team-tourn"]
[EventRounds "10"]
[EventCountry "POL"]
[SourceTitle "EXT 2011"]
[Source "ChessBase"]
[SourceDate "2010.11.26"]
[SourceVersion "1"]
[SourceVersionDate "2010.11.26"]
[SourceQuality "1"]

1. e4 e5 2. Nc3 Nc6 3. g3 Bc5 4. Bg2 d6 5. Nge2 Nge7 6. Na4 Bb6 7. 0-0 0-0 8. d3 f5 9. exf5 Bxf5 10. Nxb6 axb6 11. d4 Ng6 12. c3 Qd7 13. dxe5 Ngxe5 14. Nf4 Rab8 15. Be3 Ne7 16. Bd4 N7g6 17. Bxe5 Nxe5 18. Re1 Rf6 19. Qb3+ Kh8 20. Rad1 Qc8 21. Nd5 Rh6 22. Ne7 Qf8 23. Nxf5 Qxf5 24. Qd5 Qf6 25. Qe4 Rh5 26. f4 Ng6 27. Qe6 Qf8 28. Rd2 Rh6 29. Qd7 d5 30. Rxd5 c6 31. Rf5 Qg8 32. Rf7 1-0

[Event "Mazowiec-chT op 0910"]
[Site "Mazowsze"]
[Date "2010.02.14"]
[Round "6.4"]
[White "Makosa, Angelika"]
[Black "Wasilowska, Malgorzata"]
[Result "1-0"]
[WhiteElo "1732"]
[BlackElo "1732"]
[PlyCount "65"]
[EventDate "2009.11.29"]
[EventType "team-tourn"]
[EventRounds "10"]
[EventCountry "POL"]
[SourceTitle "EXT 2011"]
[Source "ChessBase"]
[SourceDate "2010.11.26"]
[SourceVersion "1"]
[SourceVersionDate "2010.11.26"]
[SourceQuality "1"]

1. e4 e6 2. d4 d5 3. exd5 exd5 4. Bd3 Nf6 5. c3 Bd6 6. Nf3 0-0 7. 0-0 Bg4 8. Bg5 Nbd7 9. Nbd2 h6 10. Bh4 Re8 11. Qc2 Bxf3 12. Nxf3 g5 13. Bg3 Bxg3 14. fxg3 Ne4 15. Rae1 f5 16. Nd2 Rf8 17. Re2 g4 18. Qb3 Nb6 19. Bxe4 fxe4 20. Rxf8+ Kxf8 21. Rf2+ Kg7 22. Rf4 Qd7 23. Qd1 h5 24. Qf1 Re8 25. Nb3 c6 26. Nc5 Qe7 27. Rf5 Kg6 28. Qf4 Nc4 29. Nd7 Qxd7 30. Rf6+ Kg7 31. Qh6+ Kg8 32. Rg6+ Kf7 33. Qg7# 1-0

[Event "POL-ch U18 Girls"]
[Site "Chotowa"]
[Date "2009.03.30"]
[Round "4"]
[White "Kowara, Magdalena"]
[Black "Makosa, Angelika"]
[Result "0-1"]
[WhiteElo "1833"]
[BlackElo "1717"]
[PlyCount "47"]
[EventDate "2009.03.28"]
[EventType "swiss"]
[EventRounds "11"]
[EventCountry "POL"]
[SourceTitle "EXT 2011"]
[Source "ChessBase"]
[SourceDate "2010.11.26"]
[SourceVersion "1"]
[SourceVersionDate "2010.11.26"]
[SourceQuality "1"]

1. e4 e5 2. Nf3 Nc6 3. Bb5 Nf6 4. 0-0 Be7 5. Re1 a6 6. Ba4 b5 7. Bb3 0-0 8. d3 d5 9. exd5 Nxd5 10. Nxe5 Nxe5 11. Rxe5 Nf6 12. c3 Bd6 13. Re1 Ng4 14. g3 Nxh2 15. Qh5 Ng4 16. Bg5 Qd7 17. Bd1 Ne5 18. d4 Nd3 19. Re2 Bb7 20. Bc2 Qf5 21. Bxd3 Qxd3 22. Nd2 f6 23. Rae1 fxg5 24. Qxg5 0-1

[Event "POL-ch U16 Girls"]
[Site "Leba"]
[Date "2008.04.02"]
[Round "6"]
[White "Dzionk, Agata"]
[Black "Makosa, Angelika"]
[Result "0-1"]
[WhiteElo "1803"]
[BlackElo "1730"]
[PlyCount "66"]
[EventDate "2008.03.29"]
[EventType "swiss"]
[EventRounds "11"]
[EventCountry "POL"]
[SourceTitle "CBM 123 Extra"]
[Source "ChessBase"]
[SourceDate "2008.05.06"]
[SourceVersion "1"]
[SourceVersionDate "2008.05.06"]
[SourceQuality "1"]

1. e4 e5 2. f4 exf4 3. Nf3 g5 4. Bc4 Bg7 5. 0-0 h5 6. d4 d6 7. h4 f6 8. hxg5 fxg5 9. Nxg5 Qxg5 10. Rxf4 Qg3 11. Rf3 Qh4 12. Qd3 Bg4 13. e5 Ne7 14. Bf7+ Kd8 15. g3 Qh3 16. Rf2 Bf5 17. Qa3 Be4 18. Rh2 Qg4 19. Bf4 Qd1+ 20. Kf2 Rf8 21. Nd2 Qxc2 22. Bb3 Qxd2+ 23. Kg1 Qxd4+ 24. Kf1 Bxe5 25. Rd1 Bd3+ 26. Kg2 Qe4+ 27. Kg1 Bd4+ 28. Rf2 Bxf2+ 29. Kxf2 Qe2+ 30. Kg1 h4 31. Rd2 Qf1+ 32. Kh2 hxg3+ 33. Kxg3 Qxf4+ 0-1

[Event "POL-ch U16 Girls"]
[Site "Leba"]
[Date "2008.04.02"]
[Round "7"]
[White "Krupa, Anna"]
[Black "Makosa, Angelika"]
[Result "1-0"]
[WhiteElo "1758"]
[BlackElo "1730"]
[PlyCount "55"]
[EventDate "2008.03.29"]
[EventType "swiss"]
[EventRounds "11"]
[EventCountry "POL"]
[SourceTitle "CBM 123 Extra"]
[Source "ChessBase"]
[SourceDate "2008.05.06"]
[SourceVersion "1"]
[SourceVersionDate "2008.05.06"]
[SourceQuality "1"]

1. d4 Nf6 2. Nf3 g6 3. Bf4 Bg7 4. h3 c5 5. c3 Qb6 6. Qb3 Qxb3 7. axb3 cxd4 8. Nxd4 a6 9. Nb5 Nd5 10. e4 Nxf4 11. Nc7+ Kf8 12. Nxa8 Nc6 13. Nb6 Na7 14. b4 Ne6 15. Nd2 Bf6 16. b5 Nc7 17. bxa6 Nxa6 18. Bxa6 bxa6 19. Nxc8 Nxc8 20. Rxa6 Kg7 21. Nc4 d6 22. Ke2 Rd8 23. Rd1 Rf8 24. f4 Kg8 25. e5 dxe5 26. Nxe5 Bxe5 27. fxe5 e6 28. b4 1-0

[Event "Najdorf Memorial op-B"]
[Site "Grodzisk Mazowiecki"]
[Date "2007.07.26"]
[Round "7"]
[White "Makosa, Angelika"]
[Black "Nasuta, Grzegorz"]
[Result "1-0"]
[WhiteElo "1694"]
[BlackElo "1958"]
[PlyCount "93"]
[EventDate "2007.07.20"]
[EventType "swiss"]
[EventRounds "9"]
[EventCountry "POL"]
[SourceTitle "EXT 2008"]
[Source "ChessBase"]
[SourceDate "2007.11.25"]
[SourceVersion "1"]
[SourceVersionDate "2007.11.25"]
[SourceQuality "1"]

1. e4 c5 2. Nf3 d6 3. d4 cxd4 4. Nxd4 Nf6 5. Nc3 a6 6. Be2 e6 7. 0-0 Nbd7 8. Be3 b5 9. a3 Bb7 10. f3 Be7 11. Bd3 Rc8 12. Qe1 0-0 13. Qg3 Kh8 14. Qh3 Ne5 15. Rad1 Nc4 16. Bxc4 Rxc4 17. Rd2 Qc7 18. Bf2 d5 19. exd5 Nxd5 20. Nxd5 Bxd5 21. c3 Rd8 22. Ne2 Bc5 23. Bxc5 Qxc5+ 24. Kh1 Qe7 25. Qg3 Rcc8 26. Rfd1 Bc4 27. Nf4 f6 28. Qe1 Rxd2 29. Qxd2 Bb3 30. Qd6 Qxd6 31. Rxd6 e5 32. Nh5 Bf7 33. Ng3 a5 34. Rb6 Bc4 35. Ne4 Rd8 36. h3 Rd1+ 37. Kh2 h6 38. Kg3 Bd3 39. Nf2 Rd2 40. Nxd3 Rxd3 41. Rxb5 a4 42. Rb4 Rd2 43. c4 Rc2 44. c5 Rxc5 45. Rxa4 Rc2 46. b4 Rb2 47. Ra5 1-0

[Event "POL-chT U19 2nd League"]
[Site "Lublin"]
[Date "2007.07.14"]
[Round "10"]
[White "Kwapisiewicz, Karol"]
[Black "Makosa, Angelika"]
[Result "1-0"]
[WhiteElo "1691"]
[BlackElo "1694"]
[PlyCount "77"]
[EventDate "2007.07.07"]
[EventType "team-swiss"]
[EventRounds "11"]
[EventCountry "POL"]
[SourceTitle "EXT 2010"]
[Source "ChessBase"]
[SourceDate "2010.11.25"]
[SourceVersion "1"]
[SourceVersionDate "2010.11.25"]
[SourceQuality "1"]
[WhiteTeam "Belchatow LKS Stomil U19"]
[BlackTeam "Makowiec PUKS U19"]
[WhiteTeamCountry "POL"]
[BlackTeamCountry "POL"]

1. d4 Nf6 2. c4 g6 3. Nc3 d5 4. Bg5 Ne4 5. Nxe4 dxe4 6. e3 Bg7 7. c5 Qd5 8. Bf4 Nc6 9. Ne2 f5 10. Nc3 Qd8 11. Bb5 Bd7 12. Bxc6 Bxc6 13. b4 a6 14. a4 0-0 15. Qb3+ Kh8 16. 0-0 Be8 17. Ne2 Bf7 18. Qc3 e6 19. b5 a5 20. b6 c6 21. Nc1 g5 22. Bd6 Rg8 23. Nb3 h5 24. Nxa5 Qd7 25. Nc4 h4 26. Ne5 Bxe5 27. Bxe5+ Kh7 28. Qe1 Be8 29. a5 Rg6 30. Qe2 Rh6 31. a6 Bh5 32. Qc4 h3 33. g3 Qf7 34. axb7 Qxb7 35. Rxa8 Qxa8 36. Rb1 Qb7 37. Qa4 Be2 38. Qa7 Ba6 39. Ra1 1-0

[Event "POL-chT U19 2nd League"]
[Site "Lublin"]
[Date "2007.07.11"]
[Round "6"]
[White "Makosa, Angelika"]
[Black "Wydra, Tomasz"]
[Result "0-1"]
[WhiteElo "1694"]
[BlackElo "1830"]
[PlyCount "84"]
[EventDate "2007.07.07"]
[EventType "team-swiss"]
[EventRounds "11"]
[EventCountry "POL"]
[SourceTitle "EXT 2010"]
[Source "ChessBase"]
[SourceDate "2010.11.25"]
[SourceVersion "1"]
[SourceVersionDate "2010.11.25"]
[SourceQuality "1"]
[WhiteTeam "Makowiec PUKS U19"]
[BlackTeam "Radkow Giecek U19"]
[WhiteTeamCountry "POL"]
[BlackTeamCountry "POL"]

1. e4 e5 2. Nf3 Nc6 3. Bc4 Bc5 4. d3 Nf6 5. h3 d6 6. Nc3 Be6 7. Bb3 0-0 8. Bg5 Qe7 9. 0-0 Nd8 10. Nd5 Bxd5 11. Bxd5 c6 12. Bb3 Ne6 13. Bh4 Nf4 14. Nh2 Ng6 15. Bg5 h6 16. Bd2 Qc7 17. Qf3 Nh7 18. Qg3 Kh8 19. Nf3 Qe7 20. h4 Qf6 21. h5 Nf4 22. Qg4 Ne6 23. Nh4 Nd4 24. Kh1 Qe7 25. f4 Nf6 26. Qh3 Qd7 27. fxe5 Qxh3+ 28. gxh3 Nxb3 29. axb3 Nxh5 30. Kg2 dxe5 31. Rf5 g5 32. Nf3 f6 33. Nh2 Ng7 34. Rf3 Ne6 35. Ng4 Kg7 36. h4 Nd4 37. Rff1 Bb6 38. Rac1 Kg6 39. Rh1 h5 40. Nf2 g4 41. Rhe1 Nf3 42. Re2 Nxh4+ 0-1

[Event "Makowiec Radomski-ch"]
[Site "Makowiec"]
[Date "2007.05.01"]
[Round "5"]
[White "Gora, Joanna"]
[Black "Makosa, Angelika"]
[Result "0-1"]
[WhiteElo "1553"]
[BlackElo "1731"]
[PlyCount "44"]
[EventDate "2007.04.29"]
[EventType "swiss"]
[EventRounds "9"]
[EventCountry "POL"]
[SourceTitle "EXT 2023"]
[Source "ChessBase"]
[SourceDate "2022.10.05"]
[SourceVersion "1"]
[SourceVersionDate "2022.10.05"]
[SourceQuality "1"]

1. e4 e5 2. Nf3 Nc6 3. d4 exd4 4. Nxd4 Qh4 5. Qd3 Bc5 6. g3 Qf6 7. Nf3 Nb4 8. Qe2 Nxc2+ 9. Qxc2 Qxf3 10. Rg1 d6 11. Bg2 Qh5 12. Rh1 Bg4 13. Qc3 Nf6 14. e5 Qf5 15. f4 Ne4 16. Qc4 Nf2 17. Bxb7 Rb8 18. Bc6+ Ke7 19. Rf1 Rb4 20. Qc3 Re4+ 21. Bxe4 Qxe4+ 22. Kd2 Qe2# 0-1

[Event "Makowiec Radomski-ch"]
[Site "Makowiec"]
[Date "2007.05.01"]
[Round "4"]
[White "Makosa, Angelika"]
[Black "Sliwinska, Dorota"]
[Result "1-0"]
[WhiteElo "1731"]
[BlackElo "1600"]
[PlyCount "143"]
[EventDate "2007.04.29"]
[EventType "swiss"]
[EventRounds "9"]
[EventCountry "POL"]
[SourceTitle "EXT 2023"]
[Source "ChessBase"]
[SourceDate "2022.10.05"]
[SourceVersion "1"]
[SourceVersionDate "2022.10.05"]
[SourceQuality "1"]

1. e4 e5 2. Nf3 Nc6 3. Bc4 h6 4. d3 Nf6 5. Be3 d6 6. h3 Be6 7. Bb3 Be7 8. Nc3 0-0 9. 0-0 Qd7 10. Nh2 Bxb3 11. axb3 d5 12. Nxd5 Nxd5 13. exd5 Qxd5 14. Qg4 Qd6 15. f4 exf4 16. Bxf4 Qd4+ 17. Kh1 Ne5 18. Bxe5 Qxe5 19. Rae1 Qc5 20. Rf5 Qd6 21. Ref1 Qg6 22. Qe4 Bd6 23. Rxf7 Qg3 24. Rxf8+ Bxf8 25. Qxb7 Re8 26. Qd5+ Kh8 27. Qf7 Qe5 28. Ng4 Qe2 29. Qf2 Qe6 30. Qxa7 Bd6 31. Qf2 h5 32. Nh2 Qe5 33. Nf3 Qf4 34. Qh4 Qxh4 35. Nxh4 Re2 36. Rc1 Bg3 37. Nf3 Bf4 38. Nd4 Rf2 39. Re1 c5 40. Kg1 Rd2 41. Ne6 Bg3 42. Rc1 Be5 43. c3 Rxd3 44. Nxc5 Rd2 45. Rb1 Bf4 46. b4 Rc2 47. Na4 Kg8 48. Rf1 Be3+ 49. Kh2 g5 50. Kg3 Bf4+ 51. Kf3 Kg7 52. Rd1 Kf6 53. g3 Bc7 54. b5 Rh2 55. b6 Bxb6 56. Nxb6 Rxb2 57. Nd7+ Kf5 58. Rd6 g4+ 59. hxg4+ hxg4+ 60. Ke3 Rg2 61. c4 Rxg3+ 62. Kf2 Rc3 63. c5 g3+ 64. Kg2 Kf4 65. Rf6+ Kg4 66. c6 Rc2+ 67. Kg1 g2 68. Ne5+ Kg3 69. Rf3+ Kh4 70. Rf2 Rxf2 71. Kxf2 Kh3 72. Kg1 1-0

[Event "POL-ch U16 Girls"]
[Site "Leba"]
[Date "2007.03.31"]
[Round "10"]
[White "Ostrowska, Marta"]
[Black "Makosa, Angelika"]
[Result "0-1"]
[WhiteElo "1642"]
[BlackElo "1800"]
[PlyCount "78"]
[EventDate "2007.03.24"]
[EventType "swiss"]
[EventRounds "11"]
[EventCountry "POL"]
[SourceTitle "EXT 2011"]
[Source "ChessBase"]
[SourceDate "2010.11.26"]
[SourceVersion "1"]
[SourceVersionDate "2010.11.26"]
[SourceQuality "1"]

1. e4 e5 2. d4 exd4 3. Qxd4 Nc6 4. Qe3 Nf6 5. Nc3 Bb4 6. Bd2 0-0 7. 0-0-0 Re8 8. Qg3 Ne5 9. f3 d6 10. h4 Nh5 11. Qh2 Qd7 12. g4 Nf6 13. Be2 Bxc3 14. Bxc3 Qa4 15. a3 b5 16. g5 Nh5 17. Bxe5 dxe5 18. Qxe5 Ba6 19. Qc5 Nf4 20. Bf1 Qa5 21. Nh3 Ne6 22. Qf5 c5 23. Kb1 b4 24. axb4 Qxb4 25. Bxa6 Rab8 26. b3 Qa4 27. Kb2 Qxa6 28. Rd7 Rf8 29. Ra1 Qc4 30. Qd5 Qe2 31. Ng1 Qh2 32. Rdxa7 Nd4 33. Qc4 Nxb3 34. Kc3 Qe5+ 35. Kd3 Rbd8+ 36. Ke3 Nxa1 37. f4 Qd4+ 38. Qxd4 Nxc2+ 39. Kf2 cxd4 0-1

[Event "POL-ch U16 Girls"]
[Site "Leba"]
[Date "2007.03.26"]
[Round "4"]
[White "Piekarska, Anna"]
[Black "Makosa, Angelika"]
[Result "0-1"]
[WhiteElo "1756"]
[BlackElo "1800"]
[PlyCount "116"]
[EventDate "2007.03.24"]
[EventType "swiss"]
[EventRounds "11"]
[EventCountry "POL"]
[SourceTitle "EXT 2011"]
[Source "ChessBase"]
[SourceDate "2010.11.26"]
[SourceVersion "1"]
[SourceVersionDate "2010.11.26"]
[SourceQuality "1"]

1. e4 e5 2. Nf3 Nc6 3. Bb5 Nf6 4. 0-0 Be7 5. Re1 a6 6. Ba4 b5 7. Bb3 0-0 8. c3 d5 9. exd5 Nxd5 10. Nxe5 Nxe5 11. Rxe5 Nf6 12. d4 Ng4 13. Re4 Nf6 14. Re1 h6 15. Nd2 Bd6 16. Nf3 Bb7 17. Qc2 Bxf3 18. gxf3 Qd7 19. Qg6 Qh3 20. Qg2 Qxg2+ 21. Kxg2 Rfe8 22. Bd2 Nh5 23. Bd5 Rab8 24. Bc6 Rxe1 25. Rxe1 Bf4 26. Bxf4 Nxf4+ 27. Kg3 g5 28. Re7 Nd3 29. b3 Nc1 30. Rxc7 Nxa2 31. d5 Nxc3 32. d6 Rd8 33. d7 Kf8 34. Ra7 Ne2+ 35. Kg4 Nd4 36. Ra8 Nxc6 37. Rc8 Ne5+ 38. Kf5 Ke7 39. Kxe5 f6+ 40. Kf5 Rxd7 41. Rc3 Rd2 42. Re3+ Kf7 43. Rc3 Rxf2 44. Rc7+ Ke8 45. Ke6 Kd8 46. Rc3 Rxh2 47. Kxf6 Kd7 48. Kg6 Kd6 49. b4 Kd5 50. Rc5+ Kd4 51. Rc6 Rh4 52. Kg7 h5 53. Kg6 Ke3 54. Kxg5 Rxb4 55. Kxh5 a5 56. Rc3+ Kf4 57. Kh4 a4 58. Kh3 Rb3 0-1

[Event "POL-ch U16 Girls"]
[Site "Leba"]
[Date "2007.03.25"]
[Round "3"]
[White "Makosa, Angelika"]
[Black "Sikorska, Dorota"]
[Result "0-1"]
[WhiteElo "1800"]
[BlackElo "1788"]
[PlyCount "98"]
[EventDate "2007.03.24"]
[EventType "swiss"]
[EventRounds "11"]
[EventCountry "POL"]
[SourceTitle "EXT 2011"]
[Source "ChessBase"]
[SourceDate "2010.11.26"]
[SourceVersion "1"]
[SourceVersionDate "2010.11.26"]
[SourceQuality "1"]

1. e4 e6 2. d4 d5 3. exd5 exd5 4. Nf3 Bd6 5. Bd3 c6 6. c3 Bg4 7. Be3 Ne7 8. Nbd2 Qc7 9. Qc2 Nd7 10. Bg5 0-0-0 11. 0-0-0 h6 12. Bxe7 Bxe7 13. h3 Be6 14. Rde1 Rhe8 15. Ne5 Bd6 16. Ndf3 Kb8 17. Re2 c5 18. Nxd7+ Qxd7 19. dxc5 Bxc5 20. Ne5 Qd6 21. f4 Re7 22. Rhe1 Rc7 23. f5 Bc8 24. Qb3 Qf6 25. g4 Rd6 26. Nf3 a5 27. Re8 Bb4 28. R1e5 d4 29. h4 g5 30. hxg5 hxg5 31. Bc4 dxc3 32. bxc3 Rdc6 33. Nd2 Bc5 34. Qb5 Bd6 35. Ne4 Ba3+ 36. Kc2 Qh6 37. Nd2 Bd6 38. Rd5 Bf4 39. Qa4 b6 40. Re4 Qh1 41. Red4 Bxd2 42. Kxd2 Rxc4 43. Rxc4 Qxd5+ 44. Rd4 Qg2+ 45. Ke1 Rxc3 46. Kd1 Qf1+ 47. Kd2 Qc1+ 48. Ke2 Ba6+ 49. Kf2 Qf1# 0-1